000 00596cam a22002051i 4500
001 sa 68017053
003 DLC
005 20260227112659.0
008 830420s1965 io a 000 1 ind
010 _asa 68017053
035 _a(OCoLC)9428056
040 _aDLC
_cOAU
_dDLC
042 _apremarc
050 0 0 _aPL5089.R8
_bS5 1965
100 1 _aRusli, M.
_q(Marah),
_d1898-1968.
245 1 0 _aSitti Nurbaja ;
_bkasih tak sampai /
_coleh Mh. Rusli. Dihiasi 9 gambar oleh Nasrun A. S.
250 _aTjet. 11.
260 _aDjakarta :
_bBalai Pustaka,
_c1965.
300 _a295 p. :
_bill. ;
_c22 cm.
999 _c87491
_d87491